00453nam a2200145Ia 4500003000400000020001800004082001300022100002200035245002200057260006400079300001000143650002300153653011500176700001600291SGT a9780070634374 a6.6bSIN aSinha,Amarendra N aComputer graphics bTata McGraw Hill Education Private LimitedaNew Delhic2008 a471p. aCOMPUTER SCIENCE  aINTRODUCTION TO COMPUTER GRAPHICS, GRAPHICS SYSTEMS, OUTPUT PRIMITIVES, WINDOWING AND CLIPPING , PLANE CURVES  aUdai,Arun D